Evidence Rape Shield Rule /

Detalles Bibliográficos
Autor principal: Miller, Colin
Formato: eBook
Lenguaje:inglés
Publicado: Chicago: The Center for Computer - Assisted Legal Instruction (CALI), 2012
Materias:
Acceso en línea:Acceso restringido

MARC

LEADER 00000nam a22000007a 4500
005 20180503005220.0
007 cr|||| ||||
008 180503s2012 us |||||s|||| 00||0 eng d
035 |a 21499 
040 |a vLex 
090 |c 7887  |d 7887 
100 1 |a Miller, Colin 
245 1 0 |a Evidence  |h [Recurso electrn̤ico] :  |b Rape Shield Rule /  |c Colin Miller 
256 |a Servicio en ln̕ea 
260 |a Chicago:  |b The Center for Computer - Assisted Legal Instruction (CALI),  |c 2012 
300 |a 1 recurso electrn̤ico 
506 1 |a Disponible solo en los productos indicados  |d vLex Global  |d vLex Global (Academic Edition, excluding Law Schools)  |d vLex Global (U.S. Academic Edition, Law Schools)  |d vLex Global (U.S. Academic Edition, excluding Law Schools)  |d vLex Global (Academic Edition, Law Schools) 
650 0 4 |a Derecho Penal  |z Estados Unidos 
740 0 |a vLex Libros (Servicio en ln̕ea) 
856 4 0 |u http://vlex.com/source/evidence-rape-shield-rule-21499  |z Acceso restringido 
942 |c BOOK 
999 0 |a Criminal law